| 000 | 00585nam a2200217Ia 4500 | ||
|---|---|---|---|
| 999 |
_c41163 _d41163 |
||
| 001 | 7813 | ||
| 003 | GE_BSU | ||
| 005 | 20220926141700.0 | ||
| 008 | 181216s2012||||en |||||||||||||| ||eng|| | ||
| 020 | _a9780195694468 | ||
| 040 | _cGE_BSU | ||
| 041 | _aeng | ||
| 080 | _a338.48 I-80 | ||
| 100 |
_aIyengar, Anand _914802 |
||
| 245 |
_aHotel Finance / _cAnand Iyengar, |
||
| 264 |
_aOxford : _bOxford university press, _c2012. |
||
| 300 |
_a311 p.: _bTabl; _c 23 cm. |
||
| 653 | _aHotel Finance | ||
| 653 | _aსასტუმროს ფინანსები | ||
| 942 |
_cBK _2udc |
||